Trends in substance use and related disorders: analysis of the epidemiological survey of substance abuse 1995 to 2018
Background: Changes in the use of psychoactive substances and medications and in the occurrence of substance-related disorders enable assessment of the magnitude of the anticipated negative consequences for the population. Methods: Trends were analyzed in the consumption of tobacco, alcohol, cannabi...
| VerfasserInnen: | ; ; ; ; ; |
|---|---|
| Medienart: | Elektronisch Aufsatz |
| Sprache: | Englisch Deutsch |
| Veröffentlicht: |
2019
|
| In: |
Deutsches Ärzteblatt
Jahr: 2019, Band: 116, Heft: 35/36, Seiten: 585-591 |
| Online-Zugang: |
Vermutlich kostenfreier Zugang Volltext (lizenzpflichtig) |
| Verfügbarkeit prüfen: | HBZ Gateway |
MARC
| LEADER | 00000naa a2200000 c 4500 | ||
|---|---|---|---|
| 001 | 1942026498 | ||
| 003 | DE-627 | ||
| 005 | 20251121135507.0 | ||
| 007 | cr uuu---uuuuu | ||
| 008 | 251121s2019 xx |||||o 00| ||eng c | ||
| 024 | 7 | |a 10.3238/arztebl.2019.0585 |2 doi | |
| 035 | |a (DE-627)1942026498 | ||
| 035 | |a (DE-599)KXP1942026498 | ||
| 040 | |a DE-627 |b ger |c DE-627 |e rda | ||
| 041 | |a eng |a ger | ||
| 084 | |a 2,1 |2 ssgn | ||
| 100 | 1 | |a Atzendorf, Josefine |d 1990- |e VerfasserIn |0 (DE-588)1215224958 |0 (DE-627)172624671X |4 aut | |
| 109 | |a Atzendorf, Josefine 1990- | ||
| 245 | 1 | 0 | |a Trends in substance use and related disorders |b analysis of the epidemiological survey of substance abuse 1995 to 2018 |c Nicki-Nils Seitz, Kirsten Lochbühler, Josefine Atzendorf, Christian Rauschert, Tim Pfeiffer-Gerschel, Ludwig Kraus |
| 264 | 1 | |c 2019 | |
| 336 | |a Text |b txt |2 rdacontent | ||
| 337 | |a Computermedien |b c |2 rdamedia | ||
| 338 | |a Online-Ressource |b cr |2 rdacarrier | ||
| 520 | |a Background: Changes in the use of psychoactive substances and medications and in the occurrence of substance-related disorders enable assessment of the magnitude of the anticipated negative consequences for the population. Methods: Trends were analyzed in the consumption of tobacco, alcohol, cannabis and other illegal drugs, analgesics, and hypnotics/sedatives, as well as trends in substance-related disorders, as coded according to the Diagnostic and Statistical Manual of Mental Disorders (DSM-IV). The data were derived from nine waves of the German Epidemiological Survey of Substance Abuse (Epidemiologischer Suchtsurvey, ESA) from 1995 to 2018. The data were collected in written form or by means of a combination of paper and internet-based questionnaires or telephone interviews. Results: The estimated prevalence rates of tobacco and alcohol consumption and the use of hypnotics/sedatives decreased over time. On the other hand, increasing prevalence rates were observed for the consumption of cannabis and other illegal drugs and the use of analgesics. The trends in substance-related disorders showed no statistically significant changes compared to the reference values for the year 2018, except for higher prevalence rates of nicotine dependence, alcohol abuse and dependence, analgesic dependence, and hypnotic/sedative dependence in the year 2012 only. Conclusion: Trends in tobacco and alcohol consumption imply a future decline in the burden to society from the morbidity, mortality, and economic costs related to these substances. An opposite development in cannabis use cannot be excluded. No increase over time was seen in the prevalence of analgesic dependence, but the observed increase in the use of analgesics demands critical attention. | ||
| 700 | 1 | |a Lochbühler, Kirsten |e VerfasserIn |4 aut | |
| 700 | 1 | |a Rauschert, Christian |e VerfasserIn |0 (DE-588)132309234X |0 (DE-627)1883074185 |4 aut | |
| 700 | 1 | |a Seitz, Nicki-Nils |d 1975- |e VerfasserIn |0 (DE-588)1054447616 |0 (DE-627)791540197 |0 (DE-576)410296325 |4 aut | |
| 700 | 1 | |a Pfeiffer-Gerschel, Tim |d 1971- |e VerfasserIn |0 (DE-588)132830957 |0 (DE-627)527711381 |0 (DE-576)299444252 |4 aut | |
| 700 | 1 | |a Kraus, Ludwig |e VerfasserIn |4 aut | |
| 773 | 0 | 8 | |i Enthalten in |t Deutsches Ärzteblatt |b International : a weekly online journal of clinical medicine and public health |d Köln : Dt. Ärzte-Verl., 2006 |g 116(2019), 35/36, Seite 585-591 |h Online-Ressource |w (DE-627)557878810 |w (DE-600)2406159-1 |w (DE-576)281368007 |x 1866-0452 |7 nnas |
| 773 | 1 | 8 | |g volume:116 |g year:2019 |g number:35/36 |g pages:585-591 |
| 787 | 0 | 8 | |i Forschungsdaten |a IFT Institut für Therapieforschung |t Repräsentativerhebung zum Gebrauch und Missbrauch psychoaktiver Substanzen bei Erwachsenen in Deutschland (Epidemiologischer Suchtsurvey 2018) |d Köln : GESIS Datenarchiv, 2023 |w (DE-627)1942024797 |
| 856 | |u https://europepmc.org/articles/pmc6804271?pdf=render |x unpaywall |z Vermutlich kostenfreier Zugang |h repository [oa repository (via OAI-PMH doi match)] | ||
| 856 | 4 | 0 | |u https://doi.org/10.3238/arztebl.2019.0585 |x Verlag |x Resolving-System |z lizenzpflichtig |3 Volltext |7 1 |
| 951 | |a AR | ||
| ELC | |a 1 | ||
| LOK | |0 000 xxxxxcx a22 zn 4500 | ||
| LOK | |0 001 4810129446 | ||
| LOK | |0 003 DE-627 | ||
| LOK | |0 004 1942026498 | ||
| LOK | |0 005 20251121135409 | ||
| LOK | |0 008 251121||||||||||||||||ger||||||| | ||
| LOK | |0 040 |a DE-2619 |c DE-627 |d DE-2619 | ||
| LOK | |0 092 |o n | ||
| LOK | |0 852 |a DE-2619 | ||
| LOK | |0 852 1 |9 00 | ||
| LOK | |0 939 |a 21-11-25 |b l01 | ||
| OAS | |a 1 |b inherited from superior work | ||
| ORI | |a SA-MARC-krimdoka001.raw | ||
